000 00289nam a2200109Ia 4500
008 230320s9999||||xx |||||||||||||| ||spa||
082 _a370.152/B23
100 _aBarocio Quijano, Roberto
245 0 _aLa Formación Docente Para Innovación Educativa
260 _bTrillas
942 _80
_cLIB
999 _c32847
_d32847